Quick Pick: 'E' Literature Quiz Stats

 Plays Quiz Updated Dec 15, 2017

Challenge
Share
Tweet
Embed
Score 0/10 Timer 01:00
4 Plays Today
% Correct
Emma
91.5%
East of Eden
89.7%
Eat, Pray, Love
73.2%
Ender's Game
65.1%
Eugene Onegin
62.8%
Ethan Frome
60.5%
Exodus
60%
Electra
59.9%
Eragon
53.1%
Everything is Illuminated
53.1%

Today's Daily Dose

You're not logged in!

Compare scores with friends on all Sporcle quizzes.
OR
Log In

You Might Also Like...

Show Comments

Extras

Top Quizzes Today


Score Distribution

Your Account Isn't Verified!

In order to create a playlist on Sporcle, you need to verify the email address you used during registration. Go to your Sporcle Settings to finish the process.

Report this User

Report this user for behavior that violates our Community Guidelines.

Details: